<?xml version="1.0" encoding="UTF-8"?><?xml-stylesheet type="text/xsl" href="static/style.xsl"?><OAI-PMH xmlns="http://www.openarchives.org/OAI/2.0/" xmlns:xsi="http://www.w3.org/2001/XMLSchema-instance" xsi:schemaLocation="http://www.openarchives.org/OAI/2.0/ http://www.openarchives.org/OAI/2.0/OAI-PMH.xsd"><responseDate>2026-04-18T06:10:27Z</responseDate><request verb="GetRecord" identifier="oai:www.recercat.cat:10230/53625" metadataPrefix="marc">https://recercat.cat/oai/request</request><GetRecord><record><header><identifier>oai:recercat.cat:10230/53625</identifier><datestamp>2025-12-13T21:27:49Z</datestamp><setSpec>com_2072_6</setSpec><setSpec>col_2072_452952</setSpec></header><metadata><record xmlns="http://www.loc.gov/MARC21/slim" xmlns:dcterms="http://purl.org/dc/terms/" xmlns:xsi="http://www.w3.org/2001/XMLSchema-instance" xmlns:doc="http://www.lyncode.com/xoai" xsi:schemaLocation="http://www.loc.gov/MARC21/slim http://www.loc.gov/standards/marcxml/schema/MARC21slim.xsd">
   <leader>00925njm 22002777a 4500</leader>
   <datafield ind2=" " ind1=" " tag="042">
      <subfield code="a">dc</subfield>
   </datafield>
   <datafield ind2=" " ind1=" " tag="720">
      <subfield code="a">Sanz Perl, Yonatan</subfield>
      <subfield code="e">author</subfield>
   </datafield>
   <datafield ind2=" " ind1=" " tag="720">
      <subfield code="a">Pallavicini, Carla</subfield>
      <subfield code="e">author</subfield>
   </datafield>
   <datafield ind2=" " ind1=" " tag="720">
      <subfield code="a">Pérez Ipiña, Ignacio</subfield>
      <subfield code="e">author</subfield>
   </datafield>
   <datafield ind2=" " ind1=" " tag="720">
      <subfield code="a">Demertz, Athena</subfield>
      <subfield code="e">author</subfield>
   </datafield>
   <datafield ind2=" " ind1=" " tag="720">
      <subfield code="a">Bonhomme, Vincent</subfield>
      <subfield code="e">author</subfield>
   </datafield>
   <datafield ind2=" " ind1=" " tag="720">
      <subfield code="a">Martial, Charlotte</subfield>
      <subfield code="e">author</subfield>
   </datafield>
   <datafield ind2=" " ind1=" " tag="720">
      <subfield code="a">Panda, Rajanikant</subfield>
      <subfield code="e">author</subfield>
   </datafield>
   <datafield ind2=" " ind1=" " tag="720">
      <subfield code="a">Annen, Jitka</subfield>
      <subfield code="e">author</subfield>
   </datafield>
   <datafield ind2=" " ind1=" " tag="720">
      <subfield code="a">Ibañez, Agustin</subfield>
      <subfield code="e">author</subfield>
   </datafield>
   <datafield ind2=" " ind1=" " tag="720">
      <subfield code="a">Kringelbach, Morten L.</subfield>
      <subfield code="e">author</subfield>
   </datafield>
   <datafield ind2=" " ind1=" " tag="720">
      <subfield code="a">Deco, Gustavo</subfield>
      <subfield code="e">author</subfield>
   </datafield>
   <datafield ind2=" " ind1=" " tag="720">
      <subfield code="a">Laufs, Helmut</subfield>
      <subfield code="e">author</subfield>
   </datafield>
   <datafield ind2=" " ind1=" " tag="720">
      <subfield code="a">Sitt, Jacobo</subfield>
      <subfield code="e">author</subfield>
   </datafield>
   <datafield ind2=" " ind1=" " tag="720">
      <subfield code="a">Laureys, Steven</subfield>
      <subfield code="e">author</subfield>
   </datafield>
   <datafield ind2=" " ind1=" " tag="720">
      <subfield code="a">Tagliazucchi, Enzo</subfield>
      <subfield code="e">author</subfield>
   </datafield>
   <datafield ind2=" " ind1=" " tag="260">
      <subfield code="c">2022-06-29T06:06:50Z</subfield>
   </datafield>
   <datafield ind2=" " ind1=" " tag="260">
      <subfield code="c">2022-06-29T06:06:50Z</subfield>
   </datafield>
   <datafield ind2=" " ind1=" " tag="260">
      <subfield code="c">2021</subfield>
   </datafield>
   <datafield ind2=" " ind1=" " tag="520">
      <subfield code="a">Consciousness transiently fades away during deep sleep, more stably under anesthesia,&#xd;
and sometimes permanently due to brain injury. The development of an index to quantify the&#xd;
level of consciousness across these different states is regarded as a key problem both in&#xd;
basic and clinical neuroscience. We argue that this problem is ill-defined since such an&#xd;
index would not exhaust all the relevant information about a given state of consciousness.&#xd;
While the level of consciousness can be taken to describe the actual brain state, a complete&#xd;
characterization should also include its potential behavior against external perturbations.&#xd;
We developed and analyzed whole-brain computational models to show that the stability of conscious states provides information complementary to their similarity to conscious wakefulness. Our work leads to a novel methodological framework to sort out different brain&#xd;
states by their stability and reversibility, and illustrates its usefulness to dissociate between&#xd;
physiological (sleep), pathological (brain-injured patients), and pharmacologically-induced&#xd;
(anesthesia) loss of consciousness.</subfield>
   </datafield>
   <datafield ind2=" " ind1=" " tag="520">
      <subfield code="a">S.L. is supported by the University and&#xd;
University Hospital of Liège, the Belgian National&#xd;
Funds for Scientific Research (https://www.flagera.&#xd;
eu/ourfunders/fund-for-scientific-research-fnrs-f-rs-fnrs/, FRS-FNRS), the European Union’s Horizon&#xd;
2020 Framework Programme for Research and&#xd;
Innovation under the Specific Grant Agreement No.&#xd;
945539 (https://www.humanbrainproject.eu/en/,&#xd;
Human Brain Project SGA3), the European Space&#xd;
Agency (ESA, https://www.esa.int/) and the Belgian&#xd;
Federal Science Policy Office (BELSPO, https://&#xd;
www.belspo.be/belspo/index_en.stm) in the&#xd;
framework of the PRODEX Programme,&#xd;
“Fondazione Europea di Ricerca Biomedica”, the&#xd;
Bial Foundation, the Mind Science Foundation and&#xd;
the European Commission, the fund Generet, the&#xd;
King Baudouin Foundation, DOCMA project [EUH2020-MSCA–RISE–778234]. SL is research&#xd;
director at FRS-FNRS. AI is partially supported by&#xd;
grants from CONICET; ANID/FONDECYT Regular&#xd;
(1210195 and 1210176); FONCYT-PICT 2017-&#xd;
1820; ANID/FONDAP/15150012 [https://www.anid.&#xd;
cl/]; Takeda CW2680521 [https://www.takeda.com/&#xd;
es-es/]; Sistema General de Regalı´as&#xd;
(BPIN2018000100059), Universidad del Valle (CI&#xd;
5316) [https://www.univalle.edu.co/]; Alzheimer’s&#xd;
Association GBHI ALZ UK-20-639295 [https://&#xd;
www.alz.org/global/overview.asp]; and the MULTIPARTNER CONSORTIUM TO EXPAND DEMENTIA&#xd;
RESEARCH IN LATIN AMERICA [ReDLat,&#xd;
supported by National Institutes of Health, National&#xd;
Institutes of Aging (R01 AG057234), Alzheimer’s&#xd;
Association (SG-20-725707), Rainwater Charitable&#xd;
foundation - Tau Consortium, and Global Brain&#xd;
Health Institute), https://www.gbhi.org/projects/&#xd;
multi-partner-consortium-expand-dementiaresearch-latin-america-redlat]. The contents of this&#xd;
publication are solely the responsibility of the&#xd;
authors and do not represent the official views of&#xd;
these Institutions. G.D. is supported by a Spanish&#xd;
national research project (ref. PID2019-105772GBI00 MCIU AE, https://www.csic.es/en/csic I) funded&#xd;
by the Spanish Ministry of Science, Innovation and&#xd;
Universities (MCIU, https://www.ciencia.gob.es/&#xd;
portal/site/MICINN?lang_choosen=en), State&#xd;
Research Agency (AEI); HBP SGA3 Human Brain&#xd;
Project Specific Grant Agreement 3 (grant&#xd;
agreement no. 945539, https://www.&#xd;
humanbrainproject.eu/en), funded by the EU&#xd;
H2020 FET Flagship programme; SGR Research&#xd;
Support Group support (ref. 2017 SGR 1545),&#xd;
funded by the Catalan Agency for Management of&#xd;
University and Research Grants (AGAUR, https:/ec.europa.eu/growth/tools-databases/regionalinnovation-monitor/organisation/agaur-agencymanagement-university-and-research-grants);&#xd;
Neurotwin Digital twins for model-driven noninvasive electrical brain stimulation (grant&#xd;
agreement ID: 101017716) funded by the EU&#xd;
H2020 FET Proactive programme; euSNN&#xd;
European School of Network Neuroscience (grant&#xd;
agreement ID: 860563, http://www.eusnn.eu/)&#xd;
funded by the EU H2020 MSCA-ITN Innovative&#xd;
Training Networks; CECH The Emerging Human&#xd;
Brain Cluster (Id. 001-P-001682) within the&#xd;
framework of the European Research Development&#xd;
Fund Operational Program of Catalonia 2014-2020;&#xd;
Brain-Connects: Brain Connectivity during Stroke&#xd;
Recovery and Rehabilitation (id. 201725.33)&#xd;
funded by the Fundacio La Marato TV3 (https://&#xd;
www.ccma.cat/tv3/marato/fundacio/); Corticity,&#xd;
FLAG–ERA JTC 2017, (ref. PCI2018-092891)&#xd;
funded by the Spanish Ministry of Science,&#xd;
Innovation and Universities (MCIU, https://www.&#xd;
ciencia.gob.es/portal/site/MICINN?lang_choosen=&#xd;
en), State Research Agency (AEI). ET is supported&#xd;
by funding from Agencia Nacional De Promocion&#xd;
Cientifica Y Tecnologica (Argentina, https://www.&#xd;
argentina.gob.ar/ciencia/agencia), grant PICT2018-03103 and by a Mercator Fellowship (https://&#xd;
www.stiftung-mercator.de/en/tenders/mercatorfellowship-program/) awarded by the DFG. The&#xd;
funders had no role in study design, data collection&#xd;
and analysis, decision to publish, or preparation of&#xd;
the manuscript.</subfield>
   </datafield>
   <datafield ind2="0" ind1="0" tag="245">
      <subfield code="a">Perturbations in dynamical models of wholebrain activity dissociate between the level and stability of consciousness</subfield>
   </datafield>
</record></metadata></record></GetRecord></OAI-PMH>